000 nam a22 a 4500
999 _c143483
_d143483
003 BLK
005 20230119173711.0
008 180409b bul|||||r ||||||| ||bul||
010 _aKNG00149606000
040 _aBLK
041 _aRUS
_cRUS
080 _aБългарска литература
_b821.163.2
_x-93-1
_z821.163.2-93-1
100 1 _aСтанчев, Лучезар Дончев
_eпърви автор
_9379730
139 _aСтанчев, Лучезар Дончев
_bС 70
245 1 0 _aСолнечные капли
_bСтихотоврения за деца
_cЛучезар Дончев Станчев; * Лъчезар Дончев Станчев; пер. с болг. Леонард Кондрашенко; пер. с болг. Елена Андреева; худож. Стоян Илиев; с предг. от Николай Янков.
257 _aBGR
260 _aСофия
_bСофия-пресс
_c1977
_fСофия : ГТ Балкан
300 _a125 с.
_bс ил.
_c21 см
380 _aDX
500 _aОриг. загл. Слънчеви капки. - 31 200 тир.
653 _aдетска литература
653 _aлитература за деца
700 1 _aСтанчев, Лъчезар Дончев
_e*
_9365631
700 1 _aКондрашенко, Леонард
_eпер. с болг.
_9327996
700 1 _aАндреева, Елена
_9415616
700 1 _aИлиев, Стоян
_eхудож.
_9363990
700 1 _aЯнков, Николай
_eс предг. от
_9364665
852 _aЦб 262461
856 4 _qpdf
_i0.35
_ldisable
856 4 _qpdf
_i0.35
_ldisable
942 _cKNG
_n0
_s1
944 _aCR
_c20.08.2013
_l20.08.2013 - от С1,Р / 20.08.2013
_kСимона_Петрова
944 _aED
_c20.08.2013
_l20.08.2013 - от С1,Р / 20.08.2013
999 _d143483